[Event "FIDE Grand Prix-II Pool-A 2022"]
[Site "Belgrade"]
[Date "2022.03.07"]
[Round "6.1"]
[White "Andreikin, Dmitry"]
[Black "Bacrot, Etienne"]
[Result "1-0"]
[WhiteElo "2724"]
[BlackElo "2642"]
[Annotator "TA"]
[PlyCount "83"]
[EventDate "2022.03.01"]
[EventType "tourn"]
[EventCountry "SRB"]
[SourceTitle "playchess.com"]
[Source "ChessBase"]
[SourceQuality "1"]

{[%evp 12,83,27,8,13,22,14,24,23,21,0,14,2,6,3,1,0,0,0,6,0,19,0,0,15,8,8,2,2,0,0,0,0,0,28,17,32,14,22,0,0,0,0,0,431,92,95,60,47,-47,-55,-83,0,0,0,-134,-136,-155,-115,-406,-406,-962,-947,-909,-243,-243,-32,-12,29978,29979,5652,2290,29991,29992]} 1. d4 d5 2. Nf3 e6 3. c4 dxc4 4. e3 Nf6 5. Bxc4 c5 6. O-O a6 7. Nbd2 cxd4 {D27: Queen's Gambit Accepted: Classical main line: 7 e4!? and 7 a4.} 8. Nxd4 Bc5 {[#]} 9. N4b3 $146 ({Predecessor:} 9. b3 Bxd4 10. exd4 b5 11. Ba3 Nc6 12. Rc1 bxc4 13. Nxc4 Ne7 14. Nd6+ Kf8 15. Qf3 Bd7 16. Rc7 Rb8 17. Rfc1 Kg8 18. Nb7 Qe8 19. Nd6 Qd8 20. Nb7 Qe8 21. Nd6 {½-½ (21) Theodorou,N (2577)-Shlyakhtenko,R (2364) New York 2022}) 9... Be7 {White has an edge.} 10. Be2 b5 {Prevents Nc4.} 11. a4 bxa4 12. Rxa4 O-O 13. Nc4 Bd7 14. Ra1 Nc6 15. Nbd2 Nd5 16. Nf3 Ncb4 17. Bd2 Qb8 18. Nce5 Bb5 19. Bxb5 Qxb5 20. Nd4 Qb7 21. Qb3 {[%cal Oe5c6] aiming for Nec6!} Qc7 {Inhibits Nec6.} 22. Ndf3 Rfb8 {Strongly threatening ...Nc6.} 23. Rfc1 {To avoid Nc6} Qd6 {[%cal Ob4c6]} 24. e4 Nc6 {[#]} 25. Qxb8+ Nxb8 (25... Rxb8 $2 26. Rxc6 Qd8 27. exd5 $18) 26. Rc8+ Bf8 27. exd5 exd5 $2 {[%mdl 8192]} (27... Qxd5 $11 {and Black stays safe.} 28. Rac1 a5) 28. Rac1 $2 (28. Re1 $1 $18) 28... f6 29. Nc6 {White is much more active. Black has bad knights.} a5 {Inhibits Bb4.} 30. Rd8 (30. Ncd4 $14 Qb6 31. Re8) 30... Qc7 $15 {[%cal Ob8c6]} 31. Nfd4 {[#]} Qb7 ({Better is} 31... Nxc6 $1 $17 32. Rxa8 Qb7 33. Rxf8+ Kxf8 34. Rxc6 Qxb2) 32. Nxa5 $40 {[%mdl 128] White has some attack.} Qxb2 33. Ndb3 {Pair of Knights!} (33. Ne6 $11 {remains equal.} Kf7 34. Nxf8 Qxd2 35. Rc7+ Nd7 36. Rdxd7+ (36. Rcxd7+ $2 Kg8 $19) 36... Kg8 37. Rxg7+ Kxf8 38. Rgf7+ Kg8 39. Rg7+ Kh8 40. Rxh7+ Kg8 41. Rhg7+ Kh8 42. Rh7+ Kg8 43. Rhg7+ Kh8 44. Rh7+) 33... Kf7 $1 $17 {[%cal Oa8a5] Threatens to win with ...Rxa5!} 34. Bf4 Bb4 35. Rc7+ $2 {[%mdl 8192]} (35. Rxd5 $17 Qa2 36. h4 (36. Rc7+ $2 Kg6 $19)) 35... Kg6 $19 36. Rg8 (36. h4 $142 h5 37. Rxd5) 36... Bxa5 37. Nxa5 Rxa5 $2 (37... Kf5 38. g3 Rxa5) 38. g4 {[%csl Gc7][%cal Rg8g7] [#]} Nd7 $2 39. Rxd7 $15 {[%csl Gd7][%cal Rg8g7]} Qb1+ $2 {[%mdl 8192]} (39... f5 $11 40. Rgxg7+ Qxg7 41. gxf5+ Kf6+ 42. Rxg7 Kxg7 43. Be5+ Kf7) 40. Kg2 {[%csl Gd7][%cal Rg8g7]} Qe4+ 41. Kg3 (41. Kh3 $142 Qf3+ 42. Kh4 Qxg4+ 43. Kxg4 h5+ 44. Kf3) 41... Ra3+ {[#]} 42. Kh4 $1 {A wild game.  Weighted Error Value: White=0.64/Black=0.85} 1-0

[Event "FIDE Grand Prix-II Pool-A 2022"]
[Site "Belgrade"]
[Date "2022.03.07"]
[Round "6.2"]
[White "Grischuk, Alexander"]
[Black "Shankland, Sam"]
[Result "1/2-1/2"]
[WhiteElo "2764"]
[BlackElo "2708"]
[Annotator "TA"]
[PlyCount "60"]
[EventDate "2022.03.01"]
[EventType "tourn"]
[EventCountry "SRB"]
[SourceTitle "playchess.com"]
[Source "ChessBase"]
[SourceQuality "1"]

{[%evp 9,60,0,4,0,8,8,4,0,10,20,19,0,12,10,7,7,3,10,12,9,4,10,18,14,14,0,0,-5,-5,-7,0,0,0,0,0,0,0,0,0,0,0,0,0,0,0,0,0,0,0,0,0,0,0]} 1. e4 c5 2. Nf3 d6 3. Bb5+ Nd7 4. d4 cxd4 5. Nxd4 Ngf6 {The position is equal.} 6. c4 {B51: Sicilian: Moscow Variation (3 Bb5+) without 3...Bd7.} g6 7. Nc3 Bg7 8. O-O O-O 9. Bxd7 Bxd7 10. Qd3 a6 11. a4 Ng4 12. Nf3 {[#]} b5 $146 ({Predecessor:} 12... Rc8 13. h3 Nf6 14. Be3 Be6 15. Nd2 Nd7 16. Nd5 Nc5 17. Bxc5 dxc5 18. Qc2 Bd7 {0-1 (60) Ameir,M (2352)-Saric,I (2645) Petrovac 2021}) 13. axb5 axb5 14. Rxa8 Qxa8 15. cxb5 Bxc3 16. bxc3 {Strongly threatening c4.} Qa4 17. Qd4 Bxb5 {[#] Threatens to win with ...Qxd4.} 18. Qxa4 Bxa4 19. h3 Nf6 20. e5 dxe5 21. Nxe5 Rc8 22. Ba3 Rxc3 23. Bxe7 Nd5 24. Ra1 Nxe7 25. Rxa4 $11 {[%mdl 4096] Endgame KRN-KRN} Rc7 26. Rc4 Rxc4 27. Nxc4 Kg7 28. g3 Kf6 29. Kg2 Ke6 30. Nd2 f6 {An even fight not without its subleties.  Weighted Error Value: White=0.02 (flawless) /Black=0.01 (flawless)} 1/2-1/2